000 00381nam a2200157Ia 4500
008 230917s9999||||xx |||||||||||||| ||und||
040 _e134721
_aMAIN
041 _aEnglish
082 _a005.74 D262I
100 _aDate, C.J
245 0 _aIntroduction to database systems
250 _a7th ed.
260 _aNew Delhi
_bAddison-Wesley
_c2001
300 _a938 p.
942 _cBK
999 _c106888
_d106888